000
00336nam a22001337a 4500
999
_c
520779
_d
520779
008
221012b ||||| |||| 00| 0 eng d
100
_a
Gairola, Sumeet
_9
35202
245
_a
Blooming business of lavender
260
_a
Yojana
300
_a
66(9), Sep, 2022: p.46-48
773
_a
Yojana
906
_a
AGRICULTURE
942
_c
AR